000 00705nam a22002057a 4500
005 20251108173310.0
008 250721s2003 xx 000 0 ara d
082 1 4 _a371.9/ كام
100 1 _aكامل، محمد علي
245 1 0 _aأخصائي النطق و التخاطب و مواجهة اضطرابات اللغة عند الأطفال /
264 1 _aالقاهرة :
_bمكتبة ابن سينا للطباعة والنشر والتوزيع،
_c2003.
300 _a160ص
650 1 7 _aاضطرابات النطق
650 1 7 _aعلاج النطق
650 1 7 _aاللغة
650 1 7 _aالأطفال
650 1 7 _aالتربية الخاصة
942 _2ddc
_cBK
999 _c100693
_d100693